| Registos Bibliográficos associados ao registo de autoridade |
|
Etiqueta de registo: 00230nam 2200025 450 001 1811068 003 http://id.bnportugal.gov.pt/bib/catbnp/1811068 100 ## $a20120507d2011 k y0pory0103 ba 101 0# $aeng g$dpor 102 ## $aPT 105 ## $aa m 001yy 106 ## $ar 200 1# $a A methodology to produce geographical information for land planning using very-high
resolution images$fTeresa Alexandra Gonçalves dos Santos Silva$gorient. José António Tenedório, Ana Fonseca 210 #9 $aLisboa$c[s.n.],$d2011 215 ## $a301, [35] f.$cil.$d30 cm 215 ## $a1 disco óptico (CD-ROM) em caixa$cil.$d13 x 14 x 1 cm 305 ## $aEd. impressa e em CD-ROM 320 ## $aContém bibliografia 328 #1 $aTese Dout. Geografia e Planeamento Territorial (Detecção Remota e Sistemas de Informação
Geográfica), Fac. de Ciências Sociais e Humanas, Univ. Nova de Lisboa, 2011 675 ## $a912(043)$vBN$zpor$3747626 675 ## $a528.9(043)$vBN$zpor$3336542 675 ## $a711.1(043)$vBN$zpor$31238701 700 #1 $aSilva, Teresa Alexandra Gonçalves dos Santos$31492507 702 #1 $aTenedório,$bJosé António$4727$3337933 702 #1 $aFonseca,$bAna Maria$4727$3122013 801 #0 $aPT$bBN$gRPC 966 ## $lBN$mDEM$sH.G. 38909 P.$x1 966 ## $lBN$mFGMON$sH.G. 61249 V.$x1
Etiqueta de registo: 00230nam 2200025 450 001 2284228 003 http://id.bnportugal.gov.pt/bib/catbnp/2284228 100 ## $a20260313d2025 k y0pory01030103ba 101 0# $apor g$deng 102 ## $aPT 105 ## $aa m 000yy 106 ## $ar 200 1# $a A ciência e dados na literacia espacial$fRoberto Miguel de Oliveira Machado$gorient. Teresa Alexandra Gonçalves dos Santos Silva, José António Pereira Tenedório,
Ana Fonseca 210 #9 $aLisboa$c[s.n.],$d2025 215 ## $aXXIV, 255 p.$cil.$d30 cm 328 #1 $aTese Dout. Geografia e Planeamento Territorial (Detecção Remota e Sistemas de Informação
Geográfica), Faculdade de Ciências Sociais e Humanas, Universidade Nova de Lisboa,
2025 675 ## $a910(043)$vBN$zpor$31998587 675 ## $a004.6(043)$vBN$zpor$3788451 700 #1 $aMachado,$bRoberto Miguel de Oliveira$31995521 702 #1 $aSilva, Teresa Alexandra Gonçalves dos Santos$4727$31492507 702 #1 $aTenedório,$bJosé António$4727$3337933 801 #0 $aPT$bBN$gRPC 966 ## $lBN$mFGMON$sH.G. 89182 V.$x1 971 ## $ccsilva$d20260413 972 ## $e0$z0$d20260519$vasantos 973 ## $csteixeira$d20260515 974 ## $e0$d20260515$vrsimoes
|
|
|